| 000 | 00694cam a2200145 4500500 | ||
|---|---|---|---|
| 005 | 20260208005741.0 | ||
| 041 | _afre | ||
| 042 | _adc | ||
| 100 | 1 | 0 |
_aHartmann, Pierre _eauthor |
| 245 | 0 | 0 | _aJEAN-PAUL SERMAIN, Métafictions (1670-1730). La réflexivité dans la littérature d’imagination. Paris, Honoré Champion, « Les dixhuitièmes siècles », n° 65,2002. Un vol. 16,5 × 23,5 de 461 p. ISBN 2-7453-045-X. |
| 260 | _c2003. | ||
| 500 | _a13 | ||
| 786 | 0 | _nRevue d'histoire littéraire de la France | 103 | 3 | 2003-08-01 | p. 707p-754p | 0035-2411 | |
| 856 | 4 | 1 | _uhttps://shs.cairn.info/revue-d-histoire-litteraire-de-la-france-2003-3-page-707p?lang=fr&redirect-ssocas=7080 |
| 999 |
_c1653565 _d1653565 |
||